|
|
|
|
| LEADER |
02682nam a2200457 a 4500 |
| 001 |
000000889 |
| 005 |
20200214140037.0 |
| 008 |
010111s1897 xo e ger |
| FMT |
|
|
|
| 040 |
|
|
|a SVKKK
|b slo
|c SVKKK
|e AACR2
|
| 041 |
0 |
|
|a ger
|
| 044 |
|
|
|a xo
|c SK
|
| 080 |
|
|
|a 284
|
| 080 |
|
|
|a (091)
|
| 130 |
0 |
|
|a Gedenkblätter
|
| 245 |
0 |
0 |
|a Gedenkblätter Zur Erinnerung :
|b Der Am 4. Október 1896 Anlässlich Der Hundertjährigen Kirchweihe Begangenen Jubelfeier Der Iglóer Evang. Kirchengemeinde Augs. Conf.
|
| 260 |
|
|
|a Igló :
|b Druck Der Buchdruckerei "Tátra",
|c 1897
|
| 300 |
|
|
|a [2],179,[1] s. [1],[1]/8-10/8,11/10 [=91] list.
|c 8°. 24,5x17,5 cm
|e 1 ilustr.
|
| 500 |
|
|
|a Vinety ornam., linka ozdobná, frontispis s fotografiou ev. kostola v Sp. Novej Vsi so sign. "[...] ph." a "Tátra" Könyvnyomda, Igló", typograf. ozdoby, tlač. pozn. pod čiarou v jaz. nem., maď.
|
| 505 |
2 |
|
|a Die Jubelfeier. (s.3-52); Baugeschichte. (s.53-76); Széll, H.: Jubiläumfonds-Spenden. Alphabetisch Geordnetes Verzeichniss... (s.77-93); Fábry, J.: Geschichte Der Ev. Gemeinde Aug. Conf. Zu Igló. (s.95-159); Anhang. I. Erste Coordination Der Iglóer Ev. Gemeinde. (s.160-165); II. Transaction... (s.165-169); III. Resolution Des Kön. Ung. Statthaltereirathes. (s.170,171); IV. Ad Posteritatis Memoriam. (s.171-173); V. Nachwelt! (s.173-175); VI. Zuruf. (s.175,176); VII. Namensverzeichniss Aller Bisherigen Pfarrer Der Ev. Gemeinde Igló. (s.177-180).
|
| 510 |
4 |
|
|a Petrik 1886-1900/170 [pod Emléklapok]; Hanakovič I/326; Kolodziejský 106/708; ÖNB; SNK.
|
| 561 |
|
|
|a Peč.: Štátna vedecká knižnica v Košiciach. Rkp.: Stromp József.
|
| 563 |
|
|
|a Lepenka, tmavozelené plátno, na pred. doske s rámcovou zlát. link. slepotlačou a so zlát. textom "Emléklapok Az Iglói Ág. Hitv. Ev. Anyaegyház Temploma Felszentelésének Századik Évfordulója Alkalmából 1896. Október Hó 4-Én Tartott Örömünnepének Emlékére", na zad. doske rámcová link. slepotlač a v strede zad. dosky typograf. ozdoba.
|
| 653 |
1 |
|
|a 100. výročie
|
| 653 |
1 |
|
|a evanjelická cirkev
|
| 653 |
1 |
|
|a Spišská Nová Ves
|
| 653 |
1 |
|
|a dejiny
|
| 653 |
1 |
|
|a vysviacka kostola
|
| 700 |
1 |
|
|a Fábry, Ján
|d 1821-1896
|4 oth
|
| 700 |
1 |
|
|a Széll, Hugo
|4 oth
|
| 700 |
1 |
|
|a Stromp, Jozef
|d 1864-
|4 sgn
|
| 710 |
0 |
|
|a Tatra - Stein, Ignác
|c Spišská Nová Ves
|d 1894-1922
|4 prt
|
| 752 |
|
|
|a Slovensko
|d Spišská Nová Ves
|
| 852 |
|
|
|p IV.5897
|
| 904 |
|
|
|a f---g---bja------yyyaa0001--
|
| 905 |
|
|
|a df-a0db-
|5 -------
|
| 910 |
|
|
|a svkkk
|
| 997 |
|
|
|a Stromp, József p. Stromp, Jozef
|4 sgn
|
| 997 |
|
|
|a Fábry, Johann p. Fábry, Ján
|4 oth
|
| 998 |
|
|
|a MALETL
|
| BAS |
|
|
|